00473nam a22001817a 4500003000400000008004100004020001800045082001800063100001600081245008500097650001800182650001200200650001200212650001200224650001400236700002100250700002000271OSt250821b |||||||| |||| 00| 0 eng d a9789355402295 a595.717bV69I aViji, C. P. aInsect Ecology and Behaviour / cby C. P. Viji; K. Phani Kumar and V. Sudha Vani aPure Sciences aAnimals aInsects aEcology aBehaviour aKumar, K. Phani. aVani, V. Sudha.